Govt. of
Madhya Pradesh

Sangita Darpanam (Record no. 47878)

MARC details
000 -LEADER
fixed length control field 004350000a22001810004500
003 - CONTROL NUMBER IDENTIFIER
control field MACL
005 - DATE AND TIME OF LATEST TRANSACTION
control field 20160508122940.0
008 - FIXED-LENGTH DATA ELEMENTS--GENERAL INFORMATION
fixed length control field 160508b xxu||||| |||| 00| 0 eng d
040 ## - CATALOGING SOURCE
Original cataloging agency MACL
Transcribing agency MACL
041 ## - LANGUAGE CODE
Language code of text/sound track or separate title English
082 ## - DEWEY DECIMAL CLASSIFICATION NUMBER
Classification number 780 PUR
100 ## - MAIN ENTRY--PERSONAL NAME
Personal name Purecha,Dr. Sandhya
9 (RLIN) 55680
245 ## - TITLE STATEMENT
Title Sangita Darpanam
260 ## - PUBLICATION, DISTRIBUTION, ETC. (IMPRINT)
Place of publication, distribution, etc. Mumbai
Name of publisher, distributor, etc. Shri Sarfojiraje
Date of publication, distribution, etc. 2008
350 ## - PRICE (NR) (BK AM CF MU VM SE) [OBSOLETE]
Price 350
650 ## - SUBJECT ADDED ENTRY--TOPICAL TERM
Topical term or geographic name as entry element Music
9 (RLIN) 55681
942 ## - ADDED ENTRY ELEMENTS (KOHA)
Koha item type Books
Call number prefix 780/PUR
Source of classification or shelving scheme
Holdings
Withdrawn status Lost status Source of classification or shelving scheme Damaged status Not for loan Home library Current library Date acquired Cost, normal purchase price Total Checkouts Full call number Barcode Date last seen Price effective from Koha item type
          MACL MACL 21/04/2016 350.00   780 PUR CRE025314 02/05/2024 21/04/2016 Books